000 00452nam a2200145 4500
008 151002b xxu||||| |||| 00| 0 eng d
020 _a9789966100078
050 _aQD 49 .K454 2014
245 _aSecondary chemistry:
_bForm three students' book.
250 _a3rd ed.
260 _aNairobi;
_bKenya literature bureau,
_c2014.
300 _a245 p. : ill.
650 _aKLB Form 3 chemistry.
942 _2lcc
_cBOOKS
_hQD 49 .K454 2014
_0109
999 _c7039
_d7039